La ultraactividad del convenio en el nuevo sistema de negociación colectiva (Registro nro. 46670)
[ vista simple ]
| 000 -CABECERA | |
|---|---|
| Longitud fija campo de control | 01114naa a2200265 c 4500 |
| 001 - NÚMERO DE CONTROL | |
| Número de control | 46670 |
| 003 - IDENTIFICADOR DE NÚMERO DE CONTROL | |
| Identificador del número de control | ES-MaCES |
| 005 - FECHA Y HORA DE LA ÚLTIMA TRANSACCIÓN | |
| Fecha y hora de la última transacción | 20151116092410.0 |
| 008 - CAMPO FIJO DE DESCRIPCIÓN FIJA--INFORMACIÓN GENERAL | |
| Códigos de información de longitud fija | 151116s2015 sp ||||| t||||||| ||spa d |
| 040 ## - FUENTE DE CATALOGACIÓN | |
| Centro catalogador de origen | ES-MaCES |
| Lengua de catalogación | spa |
| Centro transcriptor | ES-MaCES |
| Centro modificado | ES-MaCES |
| 100 1# - ENCABEZAMIENTO PRINCIPAL--NOMBRE PERSONAL | |
| 9 (RLIN) | 24526 |
| Nombre de persona | Suárez Corujo, Borja |
| 245 13 - MENCIÓN DE TÍTULO | |
| Título | La ultraactividad del convenio en el nuevo sistema de negociación colectiva |
| Resto del título | : hacia la pérdida de las señas de identidad del Derecho del Trabajo |
| Mención de responsabilidad, etc. | Borja Suárez Corujo |
| 650 #4 - ASIENTO SECUNDARIO DE MATERIA--TÉRMINO DE MATERIA | |
| 9 (RLIN) | 28361 |
| Término de materia o nombre geográfico como elemento inicial | convenio colectivo |
| 650 #4 - ASIENTO SECUNDARIO DE MATERIA--TÉRMINO DE MATERIA | |
| 9 (RLIN) | 30041 |
| Término de materia o nombre geográfico como elemento inicial | extensión del convenio colectivo |
| 650 #4 - ASIENTO SECUNDARIO DE MATERIA--TÉRMINO DE MATERIA | |
| 9 (RLIN) | 28362 |
| Término de materia o nombre geográfico como elemento inicial | negociación colectiva |
| 650 #4 - ASIENTO SECUNDARIO DE MATERIA--TÉRMINO DE MATERIA | |
| 9 (RLIN) | 27165 |
| Término de materia o nombre geográfico como elemento inicial | derecho del trabajo |
| 650 #4 - ASIENTO SECUNDARIO DE MATERIA--TÉRMINO DE MATERIA | |
| 9 (RLIN) | 27166 |
| Término de materia o nombre geográfico como elemento inicial | legislación del trabajo |
| 650 #4 - ASIENTO SECUNDARIO DE MATERIA--TÉRMINO DE MATERIA | |
| 9 (RLIN) | 29892 |
| Término de materia o nombre geográfico como elemento inicial | reforma legislativa |
| 650 #4 - ASIENTO SECUNDARIO DE MATERIA--TÉRMINO DE MATERIA | |
| 9 (RLIN) | 26752 |
| Término de materia o nombre geográfico como elemento inicial | UE |
| 650 #4 - ASIENTO SECUNDARIO DE MATERIA--TÉRMINO DE MATERIA | |
| 9 (RLIN) | 26964 |
| Término de materia o nombre geográfico como elemento inicial | España |
| 653 10 - TÉRMINO DE INDEXACIÓN--NO CONTROLADO | |
| Término no controlado | Relaciones laborales-Empleo |
| 773 0# - ENTRADA DE DOCUMENTO FUENTE | |
| Itemnumber del ítem fuente | 83599 |
| Lugar, editor y fecha de publicación | Albacete (Concepción, 12, 2º izda., 02002) Bomarzo 1998- |
| Otro identificador del documento | 086501 |
| Título | Revista de derecho social |
| Número de control del registro relacionado | (ES-MaCES)25695 |
| Parte(s) relacionada(s) | n. 71 (jul.-sept. 2015) {10693 R. 086501} ;p. 25-38 |
| 902 ## - CES. TIPO DE DOCUMENTO | |
| Tipodoc (006$c Sirtex) | ART Artículo de revista |
| 942 ## - ELEMENTOS KOHA | |
| Fuente de clasificaión o esquema | Clasificación propia del CES |
| Koha [por defecto] tipo de item | Artículos (1982-2017) |
| Parte de clasificación | Relaciones Laborales y Rel. Lab.- Empleo |
No hay ítems disponibles.
